000 00630nam a2200301Ia 4500
005 20260401122053.0
008 008 250103s9999 xx 000 0 eng d
020 _a817167464X
037 _aTB
040 _aEDL
040 _beng
040 _cEDL
041 _2eng
041 _aeng
084 _a823.8 BRO
084 _qEDL
100 _aBronte, Charlotte
_91232504
245 0 _aProfessor
245 0 _cBronte, Charlotte
260 _aNew Delhi
260 _bRupa
260 _c2000
300 _a285p
942 _cTB
942 _h823.8 BRO
999 _c1844712
_d1844712